Top 100 Miami Dolphins of All Time - Statistics

General Stats
  • This quiz has been taken 147 times
  • The average score is 23 of 100
Answer Stats
Position Player % Correct
QB Dan Marino
99%
FB Larry Csonka
80%
QB Bob Griese
78%
DE Jason Taylor
72%
RB Ricky Williams
66%
WR Mark Clayton
62%
QB Ryan Tannehill
62%
LB Zach Thomas
62%
WR Mark Duper
61%
WR Jarvis Landry
51%
CB Xavien Howard
50%
RB Mercury Morris
46%
RB Ronnie Brown
46%
DE Cameron Wake
44%
S Reshad Jones
44%
C Dwight Stephenson
43%
RB Jim Kiick
41%
WR Paul Warfield
41%
CB Curtis Johnson
38%
OG Larry Little
38%
CB Patrick Surtain
37%
WR Chris Chambers
34%
QB Earl Morrall
34%
TE Keith Jackson
34%
CB Sam Madison
33%
WR Brandon Marshall
32%
WR O.J. McDuffie
31%
S Jake Scott
30%
WR Nat Moore
30%
CB Brent Grimes
29%
OT Wayne Moore
29%
S Dick Anderson
28%
DT Ndamukong Suh
28%
K Olindo Mare
26%
WR Brian Hartline
25%
OL Jim Langer
24%
RB Reggie Bush
24%
RB Lamar Miller
22%
P Reggie Roby
22%
OT Richmond Webb
22%
OT Jake Long
21%
LB Nick Buoniconti
21%
TE Randy McMichael
21%
OG Bob Kuechenberg
20%
K Garo Yepremian
19%
WR Irving Fryar
19%
LB Bryan Cox
17%
QB Don Strock
17%
DT Manny Fernandez
17%
C Mike Pouncey
17%
WR Tony Martin
17%
LB John Offerdahl
16%
LB Kim Bokamper
15%
WR Duriel Harris
14%
OG Keith Simms
14%
S Louis Oliver
14%
DL Bob Baumhower
13%
WR Davone Bess
13%
TE Jim Mandich
13%
K Pete Stoyanovich
13%
DE Trace Armstrong
13%
LB A.J. Duhe
12%
DL David Bowens
12%
DE Jeff Cross
12%
DT Tim Bowens
12%
S Yeremiah Bell
12%
OT Laremy Tunsil
11%
CB Troy Vincent
11%
DL Bill Stanfill
10%
LS John Denney
10%
DE Doug Betters
9%
RB Tony Nathan
9%
DE Vern Den Herder
9%
TE Anthony Fasano
8%
LB Bob Brudzinski
8%
S Brock Marion
8%
S Glenn Blackwood
8%
LB Larry Gordon
8%
WR Oronde Gadsden
8%
OG Roy Foster
7%
CB Tim Foley
7%
TE Bruce Hardy
6%
OLB Joey Porter
6%
C Tim Ruddy
6%
OL Vernon Carey
6%
OT Ja'Wuan James
5%
QB Jay Fielder
5%
C Jeff Dellenbach
5%
OT Norm Evans
5%
DT Randy Starks
5%
OT Jon Giesler
4%
LB Mike Kolen
4%
CB Terrell Buckley
4%
OG Ed Newman
3%
CB Gerald Small
3%
WR Greg Camarillo
3%
LB Karlos Dansby
3%
CB William Judson
3%
DE Olivier Vernon
2%
DT Daryl Gardener
1%
No matching quizzes found
Score Distribution
Percent of People with Each Score
Percentile by Number Answered
Your Score History
You have not taken this quiz